| 000 | 00629nam a22002057a 4500 | ||
|---|---|---|---|
| 003 | AM-YeHGA | ||
| 040 | _aAM-YeHGA | ||
| 090 | _c451979 | ||
| 005 | 20250617160241.0 | ||
| 008 | 200708b ||||| |||| 00| 0 rus d | ||
| 041 | 0 | _arus | |
| 245 |
_aСправочник по сварке / _cПод ред. Е. В. Соколова |
||
| 260 |
_aМосква : _bМашгиз, _c1960- |
||
| 300 | _aтом | ||
| 504 | _aБиблиогр. в конце глав | ||
| 505 | 1 | 0 | _gТ. 1 (1960; 556 с.) |
| 653 | 0 | _aСварка - Справочники | |
| 700 | 1 |
_aСоколов, Е. В. _eред. |
|
| 942 |
_2udc _cBK |
||
| 999 |
_c449064 _d449064 |
||